Doing business in Guizhou Province of China.
| Format: | Book |
|---|---|
| Published: |
Gui zhou:
Ministry of Commerce of the People's Republic of China,
2006.
|
| Subjects: |
| LEADER | 00541cam a2200157 7i4500 | ||
|---|---|---|---|
| 001 | 0000019879 | ||
| 005 | 20071031090000.0 | ||
| 090 | 0 | 0 | |a CHIN 338.7 |b DOI |
| 245 | 0 | 0 | |a Doing business in Guizhou Province of China. |
| 260 | 0 | 0 | |a Gui zhou: |b Ministry of Commerce of the People's Republic of China, |c 2006. |
| 300 | # | # | |a 57 p. |
| 650 | 0 | 0 | |a Business -- |z Guizhou, China |
| 650 | 0 | 0 | |a Doing business -- |z Guizhou, China |
| 650 | 0 | 0 | |a Investments -- |z Guizhou, China |
| 651 | 0 | 0 | |a Republic of China |
| 999 | |a 0000019853 |b Book |c Countries |e Business Information Centre | ||